01317nam a2200313 a 4500001001100000003000800011006001900019007001500038008004100053010001700094020003300111040002100144035002000165050002300185082001600208245012900224260006100353300005400414504005100468533015200519600002000671650005500691650004900746655002900795700002200824710001700846856012500863999001500988ebr5000448CaPaEBRm u cr cn|||||||||960605s1997 hiuaf sb 001 0deng  z 96021003  z0824816994 (acid-free paper) aCaPaEBRcCaPaEBR a(OCoLC)5017029514aBQ843b.S23 1997eb04a294.3/622000aSacred biography in the Buddhist traditions of South and Southeast Asiah[electronic resource] /cedited by Juliane Schober. aHonolulu, Hawaii :bUniversity of Hawai'i Press,cc1997. axi, 366 p., [4] p. of plates :bill. (some col.). aIncludes bibliographical references and index. aElectronic reproduction.bPalo Alto, Calif. :cebrary,d2013.nAvailable via World Wide Web.nAccess may be limited to ebrary affiliated libraries.00aGautama Buddha. 0aBuddhist saintsxBiographyxHistory and criticism. 0aBuddhist hagiographyxHistory and criticism. 7aElectronic books.2local1 aSchober, Juliane.2 aebrary, Inc.40uhttp://site.ebrary.com/lib/rucke/Doc?id=5000448zAn electronic book accessible through the World Wide Web; click to view c2821d2821